A Dictionary of Economics (Record no. 441)

MARC details
005 - DATE AND TIME OF LATEST TRANSACTION
control field 20250312101211.0
082 ## - DEWEY DECIMAL CLASSIFICATION NUMBER
Classification number 330.03 SLO
100 ## - MAIN ENTRY--PERSONAL NAME
Author name SLOAN, H. S.
245 ## - TITLE STATEMENT
Title A Dictionary of Economics
250 ## - EDITION STATEMENT
Edition statement 4th Ed.
260 ## - PUBLICATION, DISTRIBUTION, ETC.
Place of publication, distribution, etc. New York,
Name of publisher, distributor, etc. Barnes,
Date of publication, distribution, etc. 1873.
300 ## - PHYSICAL DESCRIPTION
Extent xii, 369p.: ill.; table.
Dimensions 21cm.
700 ## - ADDED ENTRY--PERSONAL NAME
Other authors/Editors ZURCHER, A. J.
942 ## - ADDED ENTRY ELEMENTS (KOHA)
Source of classification or shelving scheme Dewey Decimal Classification
Koha item type Books
Holdings
Date last seen Total checkouts Full call number Barcode Cost, replacement price Price effective from Koha item type Lost status Source of classification or shelving scheme Damaged status Not for loan Withdrawn status Home library Current library Shelving location Date acquired Cost, normal purchase price
03/12/2025   330. 03 SLO 0000001772 30000.00 03/12/2025 Books   Dewey Decimal Classification       College of Business Education Main Library College of Business Education Main Library General Collection 03/12/2025 10000.00